Statistics for Barnsley Premier League Players

Click here to take the quiz!

General Stats

  • This quiz has been taken 90 times
  • The average score is 9 of 26

Answer Stats

The Tykes% Correct
Scott Jones
66%
Neil Redfearn
62%
Jan Åge Fjørtoft
52%
David Watson
49%
Ashley Ward
45%
Nicky Eaden
45%
Matthew Appleby
42%
Adrian Moses
38%
John Hendrie
38%
Darren Barnard
37%
Eric Tinkler
37%
Georgi Hristov
37%
Arjan de Zeeuw
34%
Clint Marcelle
34%
Neil Thompson
34%
Chris Morgan
31%
Martin Bullock
31%
Darren Sheridan
29%
Lars Leese
29%
Paul Wilkinson
28%
Andy Liddell
23%
Aleš Križan
22%
Jovo Bosančić
20%
Peter Markstedt
18%
Peter Shirtliff
15%
Laurens ten Heuvel
14%

Score Distribution

Percentile by Number Answered

Percent of People with Each Score

Your Score History

You have not taken this quiz